000
00245 a2200097 4500
001
34954
100
_a
ROS George Rosie
245
_a
Directory of International Terrorism
260
_a
Edimgurg
_b
Mainstream Pub Co Ltd
_c
090
_c
23116
_d
23116
942
_a
NUST-CAE
_c
M
_c
14577
999
_c
270027
_d
270027